01318 a2200193 45000010006000000050017000060080041000230030015000640400040000790800067001192450046001860200022002322500011002542640034002653000019002995050756003181000024010747000026010982237120260407155514.0260407a2003 arg spa dAR-UNSa-BCEJYS aAR-UNSa-BCEJYSbspacAR-UNSa-BCEJYS a658.16xReorganización financiera (Proyectos de inversión)10aPreparación y evaluación de proyectos a978-970-10-4248-9 a4a. ed 1aMéxico :bMcGraw-Hillc2003 a408 p.c23 cm. a1. El estudio de los proyectos - 2. El proceso de preparación y evaluación de proyectos - 3. Estructura económica del mercado - 4. El estudio de mercado - 5. Técnicas de proyección del mercado - 6. Estimación de costos - 7. Antecedentes económicos del estudio técnico - 8. La determinación del tamaño - 9. Decisiones de localización - 10. Efectos económicos de los aspectos organizacionales - 11. Antecedentes económicos del estudio legal - 12. Las inversiones del proyecto - 13. Beneficios del proyecto - 14. Construcción de flujo de caja - 15. Criterios de evaluación de proyectos- 16. Tasa de descuento - 17. Análisis de riesgo - 18. Análisis de sensibilidad - 19. Preparación y evaluación social de proyectos.1 aSapag Chain, Nassir1 aSapag Chain, Reinaldo